La trama de los textos : problemas de la enseñanza de la literatura /

Guardado en:
Autor Principal: Bombini, Gustavo
Formato: Libro
Publicado: Buenos Aires : Libros del Quirquincho, 1991
Materias:
Etiquetas: Agregar Etiqueta
Sin Etiquetas, Sea el primero en etiquetar este registro!
LEADER 00525nam a22001695a 4500
001 CEM.cems007668
005 20060214000000.0
008 130507s1991##################000#0#####d
003 CEMS
082 0 4 |a 372.6 
100 1 |a Bombini, Gustavo 
245 1 0 |a La trama de los textos :  |b problemas de la enseñanza de la literatura / 
260 |a Buenos Aires :  |b Libros del Quirquincho,  |c 1991 
300 |a 78p. 
653 |a Didactica de la literatura 
653 |a Literatura 
859 |a CEMS  |b BIB. CEMS - 11 de abril  |h 372.6  |i B639a2  |p 17973.94  |t Ej.1